Progress and challenges in precision medicine/ (Record no. 120274)

MARC details
000 -LEADER
fixed length control field 00975nam a2200289 a 4500
001 - CONTROL NUMBER
control field 20566576
003 - CONTROL NUMBER IDENTIFIER
control field OSt
005 - DATE AND TIME OF LATEST TRANSACTION
control field 20250529103940.0
008 - FIXED-LENGTH DATA ELEMENTS--GENERAL INFORMATION
fixed length control field
020 ## - INTERNATIONAL STANDARD BOOK NUMBER
International Standard Book Number 9780128094112 (paperback)
040 ## - CATALOGING SOURCE
Original cataloging agency NUST
Transcribing agency NUST
Language of cataloging eng
Modifying agency NUST
Description conventions rda
050 ## - LIBRARY OF CONGRESS CALL NUMBER
Classification number R858 PRO
100 ## - MAIN ENTRY--PERSONAL NAME
Personal name Mukesh, Vema
Relator term Editor
245 10 - TITLE STATEMENT
Title Progress and challenges in precision medicine/
Statement of responsibility, etc. edited by Mukesh Verma & Debmalya Barh.
260 ## - PUBLICATION, DISTRIBUTION, ETC.
Place of publication, distribution, etc. Amsterdam :
Name of publisher, distributor, etc. Academic Press,
Date of publication, distribution, etc. 2017.
300 ## - PHYSICAL DESCRIPTION
Extent xxii, 321 pages :
Other physical details illustrations (chiefly colour) ;
Dimensions 23 cm.
336 ## - CONTENT TYPE
Content type term text
Content type code txt
Source rdacontent
337 ## - MEDIA TYPE
Media type term unmediated
Media type code n
Source rdamedia
338 ## - CARRIER TYPE
Carrier type term volume
Carrier type code nc
Source rdacarrier
504 ## - BIBLIOGRAPHY, ETC. NOTE
Bibliography, etc. note Includes bibliographical references.
650 #1 - SUBJECT ADDED ENTRY--TOPICAL TERM
Topical term or geographic name entry element Medical informatics.
650 ## - SUBJECT ADDED ENTRY--TOPICAL TERM
Topical term or geographic name entry element Medical innovations.
650 ## - SUBJECT ADDED ENTRY--TOPICAL TERM
Topical term or geographic name entry element Life sciences.
700 ## - ADDED ENTRY--PERSONAL NAME
Personal name Verma, Mukesh.,
-- editor.
700 ## - ADDED ENTRY--PERSONAL NAME
Personal name Barh, Debmalya.,
-- editor.
942 ## - ADDED ENTRY ELEMENTS (KOHA)
Koha item type Ordinary Loan Books
Call number prefix R858
Call number suffix PRO
Source of classification or shelving scheme
Classification part R858.PRO
Suppress in OPAC No
Holdings
Withdrawn status Lost status Source of classification or shelving scheme Damaged status Not for loan Collection Home library Current library Shelving location Date acquired Source of acquisition Cost, normal purchase price Total Checkouts Full call number Barcode Date last seen Cost, replacement price Price effective from Koha item type Public note
    LCC     NFIC MEDICAL MEDICAL GEN 05/14/2025 Book Aid International 79.00   R858 PRO 92004054227 05/14/2025 79.00 05/14/2025 BOOKS Donation
    LCC     NFIC Medical Medical GEN 01/20/2023 Book Aid International 79.00   R858 PRO 92004048378 01/20/2023 79.00 01/20/2023 BOOKS Donation